[Event "Memorial M.Najdorf (qual.)"]
[Site "Buenos Aires (Argentina)"]
[Round "2"]
[White "Cativelli Gerardo (ARG)"]
[Black "Malajovich Sandra (ARG)"]
[Result "1-0"]
[WhiteElo "2257"]
[BlackElo "2120"]

1.c4 Nf6 2.Nf3 g6 3.Nc3 Bg7 4.g3 O-O 5.Bg2 c6 6.O-O d5 7.cxd5 cxd5 8.d4 Ne4
9.Qb3 Nc6 10.Rd1 Na5 11.Qb4 Nxc3 12.bxc3 Bg4 13.Bf4 Rc8 14.Rac1 Re8 15.Re1
Bxf3 16.Bxf3 Bf8 17.Qb5 e6 18.e4 a6 19.Qe2 Qd7 20.h4 Ba3 21.Rc2 Qa4 22.h5 Nc6
23.Rd2 Ne7 24.Rd3 dxe4 25.Bxe4 Nd5 26.Bd2 Qc4 27.hxg6 hxg6 28.Kg2 b5 29.Rh1
Nf6 30.Bf3 Qxa2 31.Bg5 {#r} 1-0

[Event "It (open)"]
[Site "Calcutta (India)"]
[Round "1"]
[White "Gokhale Jayant Suresh (IND)"]
[Black "Saptarshi Roy (IND)"]
[Result "1-0"]
[WhiteElo "2321"]
[BlackElo "2198"]

1.Nf3 c5 2.g3 Nc6 3.Bg2 g6 4.O-O Bg7 5.c3 Nf6 6.d4 cxd4 7.cxd4 d5 8.Nc3 O-O
9.Ne5 e6 10.f4 Nd7 11.Be3 f5 12.Rc1 Ncxe5 13.dxe5 a6 14.Qb3 Kh8 15.Rfd1 b6
16.Nxd5 exd5 17.Qxd5 Ra7 18.Qd6 Re8 19.e6 Bxb2 20.Rc2 Bg7 21.Rxc8 Qxc8 22.exd7
Rxd7 23.Qxd7 Qxd7 24.Rxd7 Rxe3 25.Rd8+ Bf8 26.Rxf8+ Kg7 27.Ra8 {#r} 1-0

[Event "It (open)"]
[Site "Cannes (France)"]
[Round "5"]
[White "Trommsdorf Fro (FRA)"]
[Black "Gachet Sebastien (FRA)"]
[Result "0-1"]
[WhiteElo "2224"]
[BlackElo "2132"]

1.d4 Nf6 2.c4 g6 3.Nf3 Bg7 4.g3 c6 5.Bg2 d5 6.cxd5 cxd5 7.Ne5 O-O 8.Nc3 Nc6
9.Nxc6 bxc6 10.O-O Bf5 11.Bg5 Rb8 12.Qd2 Qc8 13.Rac1 Qe6 14.f3 h5 15.Na4 Nd7
16.Bf4 Rb5 17.Rfe1 Qf6 18.Be3 Nb6 19.Nxb6 axb6 20.Bf2 Ra8 21.e4 dxe4 22.fxe4
Rxa2 23.exf5 Rbxb2 24.Rc2 Rxc2 {#R} 0-1

[Event "It (open)"]
[Site "Cannes (France)"]
[Round "2"]
[White "Spiridonov Nikola (BUL)"]
[Black "Beudaert Xavier (FRA)"]
[Result "1-0"]
[WhiteElo "2400"]
[BlackElo "2194"]

1.Nf3 c5 2.g3 g6 3.Bg2 Bg7 4.O-O Nf6 5.c3 O-O 6.d4 cxd4 7.cxd4 d5 8.Nc3 Bf5
9.Qb3 Qb6 10.Nxd5 Qxb3 11.Nxf6+ Bxf6 12.axb3 Nc6 13.Bh6 Rfc8 14.Bd2 Be4 15.Bc3
a5 16.e3 b5 17.Rfc1 Bg7 18.Ng5 Bxg2 19.Kxg2 b4 20.Bd2 Bh6 21.Nf3 f5 22.d5 Nd8
23.Rxc8 Rxc8 24.Rxa5 Nb7 25.Ra7 Nc5 26.Bxb4 Ne4 27.Nd4 Bg7 28.Nc6 {#r} 1-0

[Event "It (open) \"]
[Site "Eforie Nord (Romania)"]
[Round "0"]
[White "Chouganov Jurij (RUS)"]
[Black "Moroianu George"]
[Result "1-0"]
[WhiteElo "2175"]
[BlackElo "1660"]

1.Nf3 Nf6 2.g3 g6 3.Bg2 Bg7 4.O-O O-O 5.d4 d5 6.c4 c6 7.cxd5 cxd5 8.Nc3 Nc6
9.Ne5 a6 10.f4 Bf5 11.e3 Rc8 12.Qb3 Na5 13.Qb4 e6 14.Bd2 b6 15.b3 Nc6 16.Qa4
Nb8 17.Qa3 Re8 18.Qb2 Bf8 19.a3 a5 20.Rfc1 Nbd7 21.Bf1 Nxe5 22.fxe5 Ne4
23.Nxe4 Bxe4 24.Rxc8 Qxc8 25.Rc1 Qd8 26.Bb5 Re7 27.Qc3 Ra7 28.Qc8 Qe7 29.b4 a4
30.Qe8 Qg5 31.Rc8 Qh6 32.h3 Rc7 33.Rxc7 {#r} 1-0

[Event "Bundesliga (2nd) North 2000/01"]
[Site "Germany"]
[Round "1"]
[White "Schirm Friedmar (GER)"]
[Black "Niesel Matthias (GER)"]
[Result "1-0"]
[WhiteElo "2303"]
[BlackElo "2237"]

1.Nf3 c5 2.g3 Nc6 3.Bg2 g6 4.c3 Bg7 5.d4 cxd4 6.cxd4 d5 7.Nc3 Nf6 8.Ne5 O-O
9.O-O Be6 10.Nxc6 bxc6 11.Na4 Nd7 12.Bf4 Qa5 13.a3 Qb5 14.Rc1 Rac8 15.b4 a5
16.Nc5 axb4 17.Nxe6 fxe6 18.Bh3 Kf7 19.Rb1 c5 20.dxc5 Rxc5 21.Rxb4 Qc6 22.Qb1
Ra8 23.Be3 Rc3 24.Bc1 Rc2 25.e4 Ne5 26.Rb6 Nf3+ 27.Kg2 {#r} 1-0

[Event "It (open)"]
[Site "Griesheim (Germany)"]
[Round "6"]
[White "Reschke Stefan (GER)"]
[Black "Wallrabenstein Udo (GER)"]
[Result "1-0"]
[WhiteElo "2350"]
[BlackElo "2134"]

1.d4 g6 2.g3 Bg7 3.Bg2 d5 4.Nf3 Nf6 5.c4 O-O 6.Nc3 c6 7.cxd5 cxd5 8.Ne5 e6
9.O-O Nbd7 10.Nd3 Nb6 11.e3 Bd7 12.b3 Rc8 13.Qd2 Qc7 14.Bb2 Rfd8 15.Rfc1 Qb8
16.Ba3 Bc6 17.f4 Rc7 18.Rc2 Bf8 19.Bxf8 Rxf8 20.Rac1 Rfc8 21.Bf1 Ne8 22.a4 Nd6
23.Nc5 Nd7 24.Bd3 Kg7 25.Qe2 Nf6 26.b4 Be8 27.a5 Nd7 28.Qf3 Kh8 29.g4 h6 30.f5
gxf5 31.Qf4 Nxc5 32.bxc5 Ne4 33.Qxh6+ Kg8 34.gxf5 {#r} 1-0

[Event "It (open)"]
[Site "Haarlem (Netherlands)"]
[Round "4"]
[White "Monteban Martijn (NED)"]
[Black "Van Assendelft Floris (NED)"]
[Result "1-0"]
[WhiteElo "2267"]
[BlackElo "2376"]

1.d4 c5 2.c3 g6 3.Nf3 Nf6 4.g3 cxd4 5.cxd4 Bg7 6.Bg2 O-O 7.O-O d5 8.Nc3 Nc6
9.b3 Ne4 10.Bb2 Bg4 11.e3 e5 12.Ne2 f6 13.h3 Be6 14.Kh2 Qd7 15.Ne1 Ng5 16.h4
Nf7 17.Nd3 b6 18.f4 Nh6 19.Nf2 e4 20.Ba3 Rfc8 21.Qd2 Bg4 22.Nxg4 Nxg4+ 23.Kg1
Nd8 24.Bh3 Nf7 25.Rac1 f5 26.Rfe1 Nfh6 27.Bf1 Bf6 28.Nc3 a6 29.Na4 b5 30.Nb6
{#r} 1-0

[Event "Cup Tenkes (open)"]
[Site "Harkany (Hungary)"]
[Round "5"]
[White "Banusz Tamas (HUN)"]
[Black "Fasser Walter (AUT)"]
[Result "1-0"]
[WhiteElo "2132"]
[BlackElo "2047"]

1.d4 Nf6 2.c4 g6 3.Nc3 Bg7 4.Nf3 O-O 5.g3 d5 6.Bg2 c6 7.cxd5 cxd5 8.Ne5 e6
9.O-O Nfd7 10.f4 Nxe5 11.fxe5 Nc6 12.Be3 Bd7 13.Bf2 Rc8 14.Qd2 Na5 15.b3 b6
16.Rfd1 f6 17.e4 fxe5 18.exd5 exd4 19.Bxd4 e5 20.Be3 Bg4 21.Rf1 Rxf1+ 22.Rxf1
Qd7 23.Ne4 Bf5 24.Bh6 Nb7 25.Bxg7 Kxg7 26.Qg5 Rf8 27.g4 h6 28.Qh4 Bxe4 29.Rxf8
g5 30.Qf2 {#r} 1-0

[Event "It (open)"]
[Site "Helsinki (Finland)"]
[Round "2"]
[White "Seeman Tarvo (EST)"]
[Black "Liitiainen Elia (FIN)"]
[Result "1-0"]
[WhiteElo "2398"]
[BlackElo "2108"]

1.Nf3 Nf6 2.g3 g6 3.Bg2 Bg7 4.O-O O-O 5.d4 d5 6.c4 c6 7.cxd5 cxd5 8.Nc3 Nc6
9.Ne5 Nxe5 10.dxe5 Ng4 11.Nxd5 Nxe5 12.Bg5 Nc6 13.Rc1 h6 14.Nxe7+ Nxe7 15.Qxd8
Rxd8 16.Bxe7 Re8 17.Ba3 Rxe2 18.Rfd1 Re8 19.Rc7 Rb8 20.Bd5 Be6 21.Bxe6 Rxe6
22.Rdd7 Re2 23.Kf1 {#r} 1-0

[Event "Ch Israel (team)"]
[Site "Israel"]
[Round "4"]
[White "Zoler Dan (ISR)"]
[Black "Lurie Michael (ISR)"]
[Result "1-0"]
[WhiteElo "2526"]
[BlackElo "2287"]

1.d4 Nf6 2.c4 g6 3.Nf3 Bg7 4.g3 c6 5.Bg2 d5 6.cxd5 cxd5 7.O-O O-O 8.Ne5 Ng4
9.Nxg4 Bxg4 10.h3 Bd7 11.Nc3 e6 12.b3 Qa5 13.Bb2 Bc6 14.Qd3 Nd7 15.Rfc1 Qb6
16.e3 Rfe8 17.Rc2 f5 18.Rac1 Nf6 19.Na4 Qd8 20.Nc5 Ne4 21.b4 a6 22.Qb3 Nxc5
23.dxc5 Qd7 24.Bxg7 Kxg7 25.Rd2 Kg8 26.h4 a5 27.a3 axb4 28.axb4 Ba4 29.Qb2 Bb5
30.Ra1 Qc7 31.Rxa8 Rxa8 32.Rxd5 Bc6 33.Rd6 {#r} 1-0

[Event "It (open)"]
[Site "Kleve (Germany)"]
[Round "4"]
[White "Schulz Klaus-Juergen (GER)"]
[Black "Peters Alex (GER)"]
[Result "1-0"]
[WhiteElo "2404"]
[BlackElo "2208"]

1.Nf3 d5 2.g3 Nf6 3.Bg2 g6 4.d4 Bg7 5.c4 c6 6.cxd5 cxd5 7.Nc3 O-O 8.O-O Nc6
9.Ne5 e6 10.Nxc6 bxc6 11.Na4 Re8 12.Bf4 Nh5 13.Be3 e5 14.dxe5 Bxe5 15.Re1 f5
16.Bd4 f4 17.Rc1 Bd7 18.Bxe5 Rxe5 19.Nc5 fxg3 20.hxg3 Be8 21.Qd4 Qf6 22.e3 Ng7
23.Red1 Nf5 24.Qc3 Rd8 25.f4 Nxg3 26.Qxe5 {#r} 1-0

[Event "It (open)"]
[Site "Madrid (Spain)"]
[Round "1"]
[White "Schmidt Jan Peter (GER)"]
[Black "Lopez Escribano Jesus (ESP)"]
[Result "1-0"]
[WhiteElo "2315"]
[BlackElo "1928"]

1.Nf3 Nf6 2.c4 g6 3.g3 c6 4.Bg2 d5 5.cxd5 cxd5 6.d4 Bg7 7.Nc3 O-O 8.Ne5 e6
9.O-O Nc6 10.Nxc6 bxc6 11.Bf4 Nh5 12.Be3 e5 13.dxe5 Bxe5 14.Bd4 Bxd4 15.Qxd4
Qb6 16.Rfd1 Qxd4 17.Rxd4 Be6 18.Na4 Nf6 19.Rc1 Rfc8 20.Nc5 Rab8 21.b3 Nd7
22.Nxd7 Bxd7 23.e4 Be6 24.Ra4 dxe4 25.Bxe4 f5 26.Rxc6 Bd7 27.Bd5+ Kh8 28.Rxc8+
Rxc8 29.Rxa7 Rc5 30.Ra8+ {#r} 1-0

[Event "It (open)"]
[Site "Mislata (Spain)"]
[Round "5"]
[White "Mompo Ballester Vicente (ESP)"]
[Black "Llerins Bonet Ricardo (ESP)"]
[Result "1-0"]
[WhiteElo "2243"]
[BlackElo "2122"]

1.Nf3 Nf6 2.g3 g6 3.Bg2 Bg7 4.O-O O-O 5.d4 d5 6.c4 c6 7.cxd5 cxd5 8.Ne5 Nc6
9.Nxc6 bxc6 10.Nc3 Bf5 11.Bf4 Rc8 12.Rc1 e6 13.Na4 Re8 14.Nc5 Nd7 15.Nb7 Qb6
16.Nd6 Qxb2 17.Nxe8 Rxe8 18.Qa4 Bxd4 19.Rxc6 Kg7 20.e4 Bxe4 21.Bxe4 dxe4
22.Bc1 {#r} 1-0

[Event "Ch Finland (open)"]
[Site "Naantali (Finland)"]
[Round "3"]
[White "Manninen Marko (FIN)"]
[Black "Kiltti Jyrki (FIN)"]
[Result "1-0"]
[WhiteElo "2428"]
[BlackElo "2213"]

1.d4 Nf6 2.Nf3 g6 3.g3 Bg7 4.Bg2 O-O 5.O-O d5 6.c4 c6 7.cxd5 cxd5 8.Nc3 Ne4
9.Nxe4 dxe4 10.Ne5 f6 11.Qb3+ e6 12.Nc4 f5 13.Bf4 Nc6 14.e3 Na5 15.Nxa5 Qxa5
16.Rfc1 b6 17.Bf1 Kh8 18.Bd6 Rd8 19.Bc7 {#r} 1-0

[Event "Ch Yugoslavia (team)"]
[Site "Novi Sad (Yugoslavia)"]
[Round "4"]
[White "Vukic Milan (BIH)"]
[Black "Jakovljevic Vlado (BIH)"]
[Result "1-0"]
[WhiteElo "2494"]
[BlackElo "2324"]

1.Nf3 d5 2.g3 g6 3.c4 c6 4.cxd5 cxd5 5.Bg2 Bg7 6.d4 Nf6 7.O-O Ne4 8.Ne5 O-O
9.Nc3 Nxc3 10.bxc3 Nc6 11.Nxc6 bxc6 12.e4 Be6 13.Ba3 Re8 14.e5 Qd7 15.Qa4 Bf5
16.c4 Be4 17.Bxe4 dxe4 18.Rad1 Rad8 19.Bc5 Qe6 20.Rde1 f5 21.f3 exf3 22.Rxf3
Rd7 23.Qc2 Red8 24.Ra3 f4 25.gxf4 Qg4+ 26.Qg2 Qxf4 27.Rf1 Qh6 28.Rh3 {#r} 1-0

[Event "Ch World (juniors) (under 14) (g)"]
[Site "Oropesa (Spain)"]
[Round "1"]
[White "Koneru Humpy (IND)"]
[Black "Garcia Granero Ana (ESP)"]
[Result "1-0"]
[WhiteElo "2286"]
[BlackElo "1864"]

1.Nf3 d5 2.g3 Nf6 3.Bg2 g6 4.O-O Bg7 5.d4 O-O 6.c4 c6 7.cxd5 cxd5 8.Ne5 Nbd7
9.f4 Nb6 10.Nc3 Bd7 11.a4 a5 12.Qb3 Bc6 13.Be3 Rc8 14.Nb5 Nbd7 15.Na7 Rc7
16.Bd2 Qa8 17.Bxa5 Qxa7 18.Bxc7 Qxd4+ 19.e3 Qa7 20.a5 Nc5 21.Qa3 Re8 22.Bb6
Qb8 23.Bxc5 Qd8 24.a6 Bb5 25.a7 Ba6 26.Nc6 {#r} 1-0

[Event "It (open)"]
[Site "Passau (Germany)"]
[Round "6"]
[White "Klein Hans-Georg (GER)"]
[Black "Auer Conny (GER)"]
[Result "1-0"]
[WhiteElo "2196"]
[BlackElo "2037"]

1.Nf3 Nf6 2.g3 g6 3.Bg2 Bg7 4.c4 c6 5.Nc3 d5 6.cxd5 cxd5 7.d4 Nc6 8.O-O O-O
9.Ne5 e6 10.f4 Ne8 11.e3 f5 12.b3 Nxe5 13.dxe5 Nc7 14.Ne2 Bd7 15.Nd4 Rc8 16.a4
Rf7 17.Ba3 Bf8 18.Bxf8 Qxf8 19.Qd2 Na6 20.Rfc1 Qe8 21.Rxc8 Qxc8 22.Rc1 Qe8
23.Bf1 Nb8 24.Qc3 Nc6 25.Nb5 Qb8 26.Nd6 Rf8 27.b4 Nd8 28.b5 Nf7 29.Qc7 {#r}
1-0

[Event "Ch SVR (open)"]
[Site "Reil (Germany)"]
[Round "5"]
[White "Schmidt Waldemar (GER)"]
[Black "Klink Udo"]
[Result "1-0"]
[WhiteElo "2029"]
[BlackElo "1970"]

1.d4 Nf6 2.c4 g6 3.g3 c6 4.Bg2 d5 5.cxd5 cxd5 6.Nf3 Bg7 7.O-O O-O 8.Nc3 Ne4
9.Qb3 Nxc3 10.bxc3 Nc6 11.Nd2 e6 12.e4 dxe4 13.Nxe4 Na5 14.Qd1 Nc4 15.Nc5 Rb8
16.Qa4 Nb6 17.Qb3 Re8 18.a4 Nd7 19.Ne4 Qb6 20.Qc2 Qc7 21.Rd1 b6 22.Ba3 Bf8
23.Bc1 Bg7 24.Qb3 Ba6 25.Ba3 Bf8 26.Bxf8 Rxf8 27.Qb4 Bb7 28.Rac1 Rfd8 29.c4
Bxe4 30.Bxe4 e5 31.Bd5 exd4 32.Qe7 Rf8 33.Rxd4 Qc5 34.Qxd7 {#r} 1-0

[Event "It (open)"]
[Site "San Feliu de Guixols (Spain)"]
[Round "4"]
[White "Jerez Perez Alfonso (ESP)"]
[Black "Tomas Batet Joan (ESP)"]
[Result "1-0"]
[WhiteElo "2386"]
[BlackElo "2083"]

1.Nf3 Nf6 2.d4 d5 3.g3 g6 4.Bg2 Bg7 5.c4 c6 6.cxd5 cxd5 7.O-O O-O 8.Nc3 Nc6
9.Qb3 Na5 10.Qd1 Nc4 11.b3 Qa5 12.Nxd5 Qxd5 13.Ne5 Nxe5 14.Bxd5 Nxd5 15.dxe5
Nc3 16.Qd2 Bxe5 17.Bb2 Ne4 18.Qc2 Bxb2 19.Qxb2 Bf5 20.Rfd1 Rac8 21.Rac1 b6
22.Qe5 Rfe8 23.g4 {#r} 1-0

[Event "It (open)"]
[Site "Skelleftea (Sweden)"]
[Round "6"]
[White "Madsen Dag (NOR)"]
[Black "Kashush H Abdul Kareem (IRQ)"]
[Result "1-0"]
[WhiteElo "2294"]
[BlackElo "2180"]

1.d4 Nf6 2.c4 g6 3.g3 Bg7 4.Bg2 c6 5.Nf3 d5 6.cxd5 cxd5 7.Nc3 Nc6 8.O-O O-O
9.Ne5 Bf5 10.Bg5 Nxe5 11.dxe5 Ne4 12.Bxe4 dxe4 13.Nd5 f6 14.Be3 Be6 15.Nf4 Bc4
16.b3 Bb5 17.a4 Bc6 18.b4 Qxd1 19.Rfxd1 Rfd8 20.b5 Rxd1+ 21.Rxd1 Be8 22.Ne6
Kf7 23.Rd8 Rxd8 24.Nxd8+ Kf8 25.exf6 Bxf6 26.Bxa7 Bd7 27.Nxb7 Bc8 28.Na5 Bc3
29.Nb3 Ke8 30.e3 Be6 31.Nc5 Bc4 32.b6 {#r} 1-0

[Event "It (open)"]
[Site "Torino (Italy)"]
[Round "1"]
[White "Malano Francesco (ITA)"]
[Black "Sarno Spartaco (ITA)"]
[Result "0-1"]
[WhiteElo "2028"]
[BlackElo "2409"]

1.Nf3 g6 2.g3 Bg7 3.Bg2 Nf6 4.O-O O-O 5.c4 c6 6.Nc3 d5 7.cxd5 cxd5 8.d4 Ne4
9.Qb3 Nc6 10.e3 Na5 11.Qxd5 Nxc3 12.Qxd8 Ne2+ 13.Kh1 Rxd8 14.Bd2 Nc4 15.Rfe1
Nxd4 16.exd4 Nxd2 17.Nxd2 Bxd4 18.Nc4 Be6 19.Rxe6 fxe6 20.Bxb7 Rab8 21.Bf3
Bxb2 22.Re1 Rd4 23.Rxe6 Rxc4 24.Rxe7 Rc2 25.Bd5+ Kh8 26.Rf7 Bd4 27.Kg2 Rbb2
{#R} 0-1

[Event "It (open)"]
[Site "Toulouse (France)"]
[Round "2"]
[White "Garrel Alain (FRA)"]
[Black "Fantin Ludwig (FRA)"]
[Result "1-0"]
[WhiteElo "2140"]
[BlackElo "2098"]

1.d4 Nf6 2.Nf3 g6 3.g3 Bg7 4.Bg2 d5 5.c4 c6 6.cxd5 cxd5 7.Ne5 O-O 8.Nc3 e6
9.O-O Nfd7 10.Nf3 Nc6 11.Bf4 Qb6 12.Na4 Qb4 13.a3 Qe7 14.Rc1 a6 15.Rc2 Nf6
16.Ne5 Bd7 17.Nc5 Nxe5 18.dxe5 Ng4 19.Qd4 g5 20.Bxg5 Qxg5 21.Nxd7 Nxe5 22.Qa4
Rfc8 23.Rxc8+ Rxc8 24.f4 Qg4 25.Nxe5 Bxe5 26.Bf3 {#r} 1-0

[Event "Ch Germany (juniors) (under 12) (team)"]
[Site "Verden (Germany)"]
[Round "3"]
[White "Beisser Jacob (GER)"]
[Black "Meinardus Nils (GER)"]
[Result "1-0"]
[WhiteElo "2010"]
[BlackElo "1918"]

1.Nf3 d5 2.g3 g6 3.Bg2 Bg7 4.O-O Nf6 5.d4 O-O 6.c4 c6 7.cxd5 cxd5 8.Nc3 Bf5
9.Qb3 Qd7 10.Ne5 Qc8 11.Nxd5 Nxd5 12.Qxd5 Bxe5 13.Qxb7 Nc6 14.Bxc6 Qxb7
15.Bxb7 Rab8 16.dxe5 Rxb7 17.Bh6 Rd8 18.Rfd1 Rbd7 19.Rxd7 Rxd7 20.Rc1 Rd5
21.Bf4 Rb5 22.b3 Ra5 23.Rd1 Rxa2 24.Bh6 f6 25.e6 Ra1 26.Rxa1 Bxe6 27.b4 Kf7
28.Rxa7 Bd5 {#r} 1-0

[Event "Ch Vietnam (team)"]
[Site "Vung Tau (Vietnam)"]
[Round "7"]
[White "Nguyen Sy Hung (VIE)"]
[Black "Truong Duc Chien (VIE)"]
[Result "1-0"]
[WhiteElo "2043"]
[BlackElo "2190"]

1.Nf3 Nf6 2.g3 g6 3.Bg2 Bg7 4.O-O O-O 5.c4 c6 6.Nc3 d5 7.cxd5 cxd5 8.d4 Nc6
9.Ne5 e6 10.Bg5 h6 11.Bf4 Nh5 12.Bf3 Nxf4 13.gxf4 Qh4 14.e3 g5 15.Nd3 gxf4
16.Kh1 fxe3 17.fxe3 e5 18.Bxd5 exd4 19.Rf4 Qe7 20.exd4 Qd6 21.Qh5 Be6 22.Rg1
Rae8 23.Rf6 Bxd5+ 24.Nxd5 Re6 25.Rxg7+ Kxg7 26.Qxh6+ Kg8 27.N3f4 Rfe8 28.Qg5+
{#r} 1-0

[Event "It (open)"]
[Site "Zadar (Croatia)"]
[Round "2"]
[White "Delchev Aleksander (BUL)"]
[Black "Zelic Mladen (CRO)"]
[Result "1-0"]
[WhiteElo "2557"]
[BlackElo "2296"]

1.Nf3 Nf6 2.c4 g6 3.g3 Bg7 4.Bg2 O-O 5.O-O c6 6.d4 d5 7.cxd5 cxd5 8.Ne5 Ng4
9.f4 Nxe5 10.dxe5 Nc6 11.e3 e6 12.e4 dxe4 13.Nc3 f5 14.exf6 Bxf6 15.Be3 Qd3
16.Re1 Bxc3 17.bxc3 Qxc3 18.Bxe4 Rd8 19.Qg4 Bd7 20.f5 Ne5 21.Qf4 gxf5 22.Rac1
Qb4 23.Bc5 Ng6 24.Qd6 Qb2 25.Bxf5 Qxa2 26.Rxe6 Be8 27.Rxg6+ hxg6 28.Be6+ Kh7
29.Qe7+ {#r} 1-0

[Event "Ch Ukraine (1/2 final) (open)"]
[Site "Alushta (Ukraine)"]
[Round "0"]
[White "Podgaets Mikhail (UKR)"]
[Black "Stets Vasilij (UKR)"]
[Result "1-0"]
[WhiteElo "2490"]
[BlackElo "2361"]

1.d4 Nf6 2.Nf3 g6 3.c4 Bg7 4.g3 O-O 5.Bg2 c6 6.Nc3 d5 7.cxd5 cxd5 8.O-O Nc6
9.Ne5 e6 10.Nxc6 bxc6 11.Bf4 Nh5 12.Be3 Rb8 13.Na4 c5 14.dxc5 Bd7 15.Rc1 Bc6
16.b3 Qa5 17.Bd2 Qa6 18.Re1 Nf6 19.Bf4 Rb7 20.Be5 Nd7 21.Bxg7 Kxg7 22.e4 Rc7
23.exd5 exd5 24.Qd4+ Kg8 25.Nc3 Qa3 26.b4 Rb8 27.Rb1 Nf8 28.Rb3 Ne6 29.Qd2 Qa6
30.b5 Bxb5 31.a4 d4 32.Nxb5 Rxc5 33.Nc7 {#r} 1-0

[Event "Ch Austria (juniors) (under 14)"]
[Site "Austria"]
[Round "7"]
[White "Pirker Georg (AUT)"]
[Black "Sachsenhofer Michael (AUT)"]
[Result "0-1"]
[WhiteElo "2169"]
[BlackElo "2176"]

1.c4 Nf6 2.Nf3 g6 3.g3 Bg7 4.Bg2 c6 5.Nc3 d5 6.cxd5 cxd5 7.O-O O-O 8.d4 Nc6
9.Qb3 e6 10.Rd1 Qe7 11.Bf4 Nh5 12.Bg5 Bf6 13.Bxf6 Nxf6 14.Rac1 Rb8 15.Na4 Bd7
16.Nc5 Rfc8 17.Qa3 b6 18.Nxd7 Qxd7 19.Rc2 Ne7 20.Ne5 Qb7 21.Rdc1 Rxc2 22.Rxc2
Rc8 23.Rxc8+ Nxc8 24.Qc3 Ne7 25.a3 Nd7 26.Nxd7 Qxd7 27.Qc8+ Qxc8 {#R} 0-1

[Event "It (open)"]
[Site "Bad Woerishofen (Germany)"]
[Round "9"]
[White "Berti Rudolf (AUT)"]
[Black "Malzer Werner (GER)"]
[Result "0-1"]
[WhiteElo "2006"]
[BlackElo "1943"]

1.Nf3 d5 2.g3 g6 3.Bg2 Bg7 4.O-O Nf6 5.c4 c6 6.cxd5 cxd5 7.d4 O-O 8.Nc3 e6
9.Bf4 a6 10.Rc1 Bd7 11.Qb3 b5 12.a4 bxa4 13.Nxa4 Nc6 14.Nc5 Na5 15.Qb4 Bb5
16.Nxe6 fxe6 17.Bc7 Qe8 18.Qxa5 Bxe2 19.Rfe1 Bb5 20.Ng5 Ne4 21.Nxe4 dxe4
22.Rxe4 Bc6 23.Rxc6 Qxc6 24.Rxe6 Qc1+ 25.Re1 Qxb2 26.Re7 Qxf2+ 27.Kh1 Rf5
28.Rxg7+ Kxg7 29.Be5+ Kh6 30.Qa1 Rc8 31.Bf4+ Rxf4 32.gxf4 Qxf4 {#R} 0-1

[Event "It (open)"]
[Site "Batumi (Georgia)"]
[Round "8"]
[White "Lomineishvili Maia (GEO)"]
[Black "Pashikian Arman (ARM)"]
[Result "1-0"]
[WhiteElo "2373"]
[BlackElo "2272"]

1.d4 Nf6 2.c4 g6 3.g3 c6 4.Bg2 d5 5.cxd5 cxd5 6.Nf3 Bg7 7.Ne5 O-O 8.Nc3 e6
9.O-O Nfd7 10.f4 Nc6 11.Be3 Nb6 12.Bf2 Ne7 13.a4 a5 14.Qb3 Bd7 15.Nxd7 Nxd7
16.Qxb7 Rb8 17.Qa6 Rxb2 18.Rab1 Rb6 19.Qd3 Nc6 20.Nb5 Nb4 21.Qb3 Rc6 22.Rfd1
Qb6 23.e4 Rc2 24.exd5 Nf6 25.dxe6 fxe6 26.Rbc1 Re2 27.Bf3 Ra2 28.Be1 Nfd5
29.Bxd5 {#r} 1-0

[Event "Ch City"]
[Site "Berezniki (Russia)"]
[Round "1"]
[White "Gavrjushin Oleg (KAZ)"]
[Black "Kozlov Vladimir A (RUS)"]
[Result "1-0"]
[WhiteElo "2335"]
[BlackElo "2220"]

1.d4 Nf6 2.c4 g6 3.Nf3 Bg7 4.g3 O-O 5.Bg2 c6 6.O-O d5 7.cxd5 cxd5 8.Ne5 Nc6
9.Nc3 Nxe5 10.dxe5 Ng4 11.Nxd5 Bxe5 12.Bg5 Nf6 13.Qb3 Nxd5 14.Bxd5 Qb6 15.Bxe7
Qxb3 16.axb3 Bxb2 17.Bxf8 Bxa1 18.Bh6 Bg7 19.Bxg7 Kxg7 20.Rc1 f5 21.Rc7+ Kh8
22.Re7 a6 23.f4 h6 24.Kf2 a5 25.Re8+ Kg7 26.Be6 Bxe6 27.Rxa8 Bxb3 28.Rxa5 Bc2
29.Ke3 Kf6 30.Rd5 Be4 31.Rd6+ Kf7 32.Kd4 Kg7 33.h4 {#r} 1-0

[Event "It (cat.7)"]
[Site "Budapest (Hungary)"]
[Round "2"]
[White "Koneru Humpy (IND)"]
[Black "Dembo Yelena (GRE)"]
[Result "1-0"]
[WhiteElo "2484"]
[BlackElo "2398"]

1.d4 Nf6 2.Nf3 g6 3.g3 Bg7 4.Bg2 O-O 5.O-O d5 6.c4 c6 7.cxd5 cxd5 8.Ne5 Ng4
9.f4 Nxe5 10.fxe5 Nc6 11.Nc3 Be6 12.Kh1 f5 13.e3 Qd7 14.Bd2 g5 15.Na4 b6
16.Bb4 Bh6 17.Rc1 Nd8 18.Qb3 Nf7 {#r} 1-0

[Event "Ch Spain (open)"]
[Site "Cala Mendia (Spain)"]
[Round "5"]
[White "Campos G Luis Maria (ESP)"]
[Black "Niubo Arenas Francisco (ESP)"]
[Result "1-0"]
[WhiteElo "2420"]
[BlackElo "2153"]

1.d4 g6 2.Nf3 Bg7 3.g3 c5 4.c3 cxd4 5.cxd4 Nf6 6.Bg2 O-O 7.O-O d5 8.Nc3 b6
9.Ne5 Bb7 10.Bf4 Nh5 11.Be3 Nd7 12.Nxd5 Nxe5 13.dxe5 Bxe5 14.Bg5 Bxd5 15.Bxd5
Rc8 16.Qb3 Nf6 17.Rad1 Nxd5 18.Rxd5 Qc7 19.Rc1 Qb8 20.Rxc8 Rxc8 21.Bxe7 Qb7
22.Ba3 Rc1+ 23.Kg2 Bf6 24.Qf3 Kg7 25.Bf8+ Kg8 26.Bh6 {#r} 1-0

[Event "Ch Hungary (team) 2000/01"]
[Site "Hungary"]
[Round "9"]
[White "Konopka Michal (CZE)"]
[Black "Kaposztas Miklos (HUN)"]
[Result "1-0"]
[WhiteElo "2475"]
[BlackElo "2210"]

1.Nf3 g6 2.d4 Bg7 3.g3 Nf6 4.c4 c6 5.Bg2 O-O 6.O-O d5 7.cxd5 cxd5 8.Ne5 e6
9.Nc3 Nfd7 10.f4 f6 11.Nf3 f5 12.Be3 Nc6 13.Ne5 Ndxe5 14.fxe5 Bd7 15.Qd2 Qe7
16.Rac1 Rfc8 17.Nb5 Bf8 18.Nd6 Rcb8 19.g4 Qh4 20.gxf5 gxf5 21.Rf4 Qd8 22.Rxf5
Bxd6 23.Rg5+ Qxg5 24.Bxg5 Bb4 25.Qf4 Ne7 26.Qg4 Ng6 27.Rc7 {#r} 1-0

[Event "Ch Europe (team)"]
[Site "Leon (Spain)"]
[Round "1"]
[White "Mihalcisin Adrian (SLO)"]
[Black "Salmensuu Olli (FIN)"]
[Result "1-0"]
[WhiteElo "2533"]
[BlackElo "2436"]

1.Nf3 Nf6 2.c4 g6 3.g3 Bg7 4.Bg2 O-O 5.d4 c6 6.Nc3 d5 7.cxd5 cxd5 8.Ne5 e6
9.O-O Nfd7 10.f4 Nc6 11.Be3 Qe7 12.Bf2 Ndxe5 13.dxe5 Rd8 14.e4 d4 15.Nb5 Qb4
16.a4 Bf8 17.Rc1 Qxb2 18.Be1 d3 19.Rf2 d2 20.Rxd2 Rxd2 21.Bxd2 a6 22.Bc3 Bc5+
23.Kh1 Qa2 24.Nd6 b6 25.f5 Be3 26.Ra1 Qf2 27.Nxc8 Rxc8 28.Qd7 {#r} 1-0

[Event "Ch Italy"]
[Site "Montecatini Terme (Italy)"]
[Round "11"]
[White "Vismara Daniele (ITA)"]
[Black "Belotti Bruno (ITA)"]
[Result "0-1"]
[WhiteElo "2365"]
[BlackElo "2403"]

1.Nf3 Nf6 2.c4 g6 3.d4 Bg7 4.g3 O-O 5.Bg2 c6 6.O-O d5 7.cxd5 cxd5 8.Nc3 Nc6
9.Ne5 e6 10.f4 Ne7 11.Be3 Nf5 12.Bf2 Nd6 13.Qd3 b6 14.g4 Bb7 15.Bh4 Rc8 16.Kh1
Qe8 17.f5 exf5 18.gxf5 Nxf5 19.Rxf5 gxf5 20.Bh3 Ne4 21.Bxf5 f6 22.Nd7 Qh5
23.Qh3 Rf7 24.Rg1 Kh8 25.Rxg7 Rxg7 26.Nxf6 Qh6 27.Ng4 Rxc3 28.Nxh6 Rc1+ {#R}
0-1

[Event "Ch World (juniors) (under 12) (g)"]
[Site "Oropesa (Spain)"]
[Round "5"]
[White "Nebolsina Vera (RUS)"]
[Black "Umudova Nargiz (AZE)"]
[Result "1-0"]
[WhiteElo "2027"]
[BlackElo "2210"]

1.Nf3 Nf6 2.g3 g6 3.Bg2 Bg7 4.O-O O-O 5.d4 d5 6.c4 c6 7.cxd5 cxd5 8.Nc3 Bf5
9.Qb3 b6 10.Ne5 e6 11.h3 h5 12.Bg5 Nbd7 13.g4 hxg4 14.hxg4 Nxe5 15.dxe5 Bxg4
16.exf6 Bxf6 17.Bxf6 Qxf6 {#r} 1-0